BRAND MANAGEMENT TEXT ANS CASES (Record no. 26325)

000 -LEADER
fixed length control field 00407nam a2200181Ia 4500
003 - CONTROL NUMBER IDENTIFIER
control field OSt
005 - DATE AND TIME OF LATEST TRANSACTION
control field 20250730121319.0
008 - FIXED-LENGTH DATA ELEMENTS--GENERAL INFORMATION
fixed length control field 200615s9999||||xx |||||||||||||| ||und||
020 ## - INTERNATIONAL STANDARD BOOK NUMBER
International Standard Book Number 8189547003
040 ## - CATALOGING SOURCE
Transcribing agency MUIT
082 ## - DEWEY DECIMAL CLASSIFICATION NUMBER
Classification number 650
Item number BRA-K
100 ## - MAIN ENTRY--PERSONAL NAME
Personal name KUMAR,AJAY
245 #0 - TITLE STATEMENT
Title BRAND MANAGEMENT TEXT ANS CASES
250 ## - EDITION STATEMENT
Edition statement 1ST
260 ## - PUBLICATION, DISTRIBUTION, ETC.
Place of publication, distribution, etc. New Delhi
Name of publisher, distributor, etc. WISDOM
Date of publication, distribution, etc. 2018
300 ## - PHYSICAL DESCRIPTION
Extent 223
942 ## - ADDED ENTRY ELEMENTS (KOHA)
Koha item type Book
Source of classification or shelving scheme
Holdings
Withdrawn status Lost status Damaged status Not for loan Collection code Permanent Location Current Location Shelving location Date acquired Cost, normal purchase price Total Checkouts Full call number Barcode Date last seen Price effective from Koha item type
        School of Management Maharishi School of Business & Management (Lucknow) Maharishi School of Business & Management (Lucknow) R43S2 2020-06-15 240.00   658 SOM0469 2020-06-15 2020-06-15 Book

All Rights Reserved@MUIT

Powered by Koha